000 01871cam a22004214i 4500
003 PE-LiUPU
005 20250731172949.0
008 150623s1997 mx a rb 000 0 spa d
035 _a(Sirsi) a21313
040 _aPE-LiUPU
_bspa
_cPE-LiUPU
_erda
082 0 4 _a268.07
_bG79
_221
100 1 _aGrajales Guerra, Tevni,
_eautor.
245 1 0 _aEducación cristiana para el siglo XXI :
_buna urgente necesidad /
_cTevni Grajales.
264 1 _aNuevo León, México :
_bPublicaciones Universidad de Montemorelos,
_c1997.
300 _a196 páginas :
_bilustraciones, cuadros ;
_c21 centímetros
336 _atext
_2rdacontent
337 _aunmediated
_2rdamedia
338 _avolume
_2rdacarrier
504 _aIncluye bibliografía.
505 0 _aLa educación adventista -- Estado actual de la educación adventista -- Paradigma de la educación en el siglo XXI -- El problema que se debe superar -- Educación cristiana para el siglo XXI -- El enfoque humanitario, no humanístico del currículo -- Programación y planeación de la enseñanza -- El aula sin grados -- La clase colectiva -- El trabajo en grupo -- La tecnología en la educación del siglo XXI.
526 _aSEG42
526 _aSEG41
526 _aSEG40
526 _aSEG39
526 _aP94
526 _aP87
526 _aP86
526 _aP85
526 _aP77
526 _aP76
526 _aP35
650 0 4 _aEducación cristiana
_ySiglo XXIO.
942 _2ddc
_cBOOK
949 _a268.07 G79
_wDEWEY
_c1
_i44887
_lCCODEBUL1
_mBUL
_p35.00
_r0
_sY
_tBOOK
_u2015-06-24
_xEDUCACION
_zUNKNOWN
_0COMPRA
_o.STAFF. Colección Teología
596 _a1
999 _a268.07 G79
_wDEWEY
_c21760
_i44887
_d21760
_e2018-12-26
_f2021-11-10
_g5
_lCCODEBUL1
_mBUL
_n8
_p35.00
_q2
_r0
_sY
_tBOOK
_u2015-6-24
_xTEOLOGIA
_PP35
_0COMPRA
_o.STAFF. Colección Teología
980 _81
_gALBERTO SANCHEZ Responsable de Automatización